[Event "Bayern-chTT (RL Sued-Ost)"]
[Site "Bayern 2008/09"]
[Date "2008.11.30"]
[Round "3.2"]
[White "Schweiger, Georg"]
[Black "Poetsch, Klaus"]
[Result "1/2-1/2"]
[WhiteElo "2059"]
[BlackElo "2140"]
[PlyCount "52"]
[EventDate "2009.03.??"]
[EventType "team-tourn"]
[EventRounds "9"]
[WhiteTeam "Ebersberg 1"]
[BlackTeam "Waldkraiburg 1"]

1. d4 d5 2. Nc3 e6 3. Nf3 f5 4. Bf4 Nf6 5. e3 Be7 6. h3 O-O 7. Ne5 Nbd7 8. Bd3
Ne4 9. Ne2 Bh4 10. O-O Bf6 11. c4 Bxe5 12. Bxe5 Nxe5 13. dxe5 Nc5 14. b4 Nd7
15. f4 Qe7 16. c5 a5 17. a3 Nb8 18. Nd4 Bd7 19. Qc2 Nc6 20. b5 Nxd4 21. exd4
Be8 22. a4 Kh8 23. Qd2 Qh4 24. Kh2 Rg8 25. g3 Qe7 26. Rg1 h5 1/2-1/2

[Event "Bayern-chTT (RL Sued-Ost)"]
[Site "Bayern 2008/09"]
[Date "2008.11.30"]
[Round "3.4"]
[White "Gil, Arthur"]
[Black "Hauschild, Helmut"]
[Result "0-1"]
[WhiteElo "1984"]
[BlackElo "2109"]
[PlyCount "118"]
[EventDate "2009.03.??"]
[EventType "team-tourn"]
[EventRounds "9"]
[WhiteTeam "Ebersberg 1"]
[BlackTeam "Waldkraiburg 1"]

1. e4 c6 2. d4 d5 3. Nc3 dxe4 4. Nxe4 Bf5 5. Ng3 Bg6 6. Nf3 Nd7 7. h4 h6 8. h5
Bh7 9. Bd3 Bxd3 10. Qxd3 e6 11. Bd2 Ngf6 12. O-O-O Be7 13. Kb1 O-O 14. Ne2 Ng4
15. Be3 Qa5 16. Nd2 Rad8 17. Qb3 Qa6 18. Nf4 Qb5 19. Ng6 Rfe8 20. Nxe7+ Rxe7
21. Qa3 Ree8 22. Ne4 Nb6 23. Bc1 Nc4 24. Qg3 f5 25. b3 Qb4 26. Nc5 Na3+ 27.
Bxa3 Qxa3 28. Rhe1 e5 29. f3 Nf6 30. Rxe5 Nd5 31. f4 Nb4 32. Qc3 Qxa2+ 33. Kc1
Rxe5 34. fxe5 Qa3+ 35. Kd2 Na2 36. Qc4+ Rd5 37. Nxb7 Qe7 38. Qxc6 Qg5+ 39. Ke1
Qe3+ 40. Kf1 Qf4+ 41. Kg1 Rxd4 42. Re1 Re4 43. Rxe4 fxe4 44. Qe8+ Kh7 45. Qg6+
Kg8 46. e6 Nc3 47. Qf7+ Qxf7 48. exf7+ Kxf7 49. Kf2 Ke6 50. Na5 Kd5 51. Ke3
Nd1+ 52. Ke2 Nc3+ 53. Kd2 Nb1+ 54. Ke3 Nc3 55. Nc4 Nd1+ 56. Ke2 Nc3+ 57. Kd2
Kd4 58. Nd6 e3+ 59. Ke1 Ke5 0-1

[Event "Bayern-chTT (RL Sued-Ost)"]
[Site "Bayern 2008/09"]
[Date "2008.11.30"]
[Round "3.5"]
[White "Loew, Peter"]
[Black "Kramer, Melik Kurt"]
[Result "1-0"]
[WhiteElo "2039"]
[BlackElo "1955"]
[PlyCount "47"]
[EventDate "2009.03.??"]
[EventType "team-tourn"]
[EventRounds "9"]
[WhiteTeam "Waldkraiburg 1"]
[BlackTeam "Ebersberg 1"]

1. f4 d5 2. b3 Nf6 3. Bb2 Bf5 4. Nf3 h6 5. e3 e6 6. Be2 Be7 7. O-O Nbd7 8. Ne5
Nxe5 9. fxe5 Nd7 10. Bf3 c6 11. d4 O-O 12. c4 Qc7 13. Nc3 f6 14. cxd5 cxd5 15.
Nxd5 exd5 16. Bxd5+ Kh8 17. Rxf5 fxe5 18. Rc1 Qb6 19. Qf3 Bg5 20. Rxf8+ Rxf8
21. Qe2 Qa5 22. Be6 Nf6 23. dxe5 Ne4 24. Bd4 1-0

[Event "Bayern-chTT (RL Sued-Ost)"]
[Site "Bayern 2008/09"]
[Date "2008.11.30"]
[Round "3.6"]
[White "Bauer, Frank(75)"]
[Black "Guenes, Erdogan"]
[Result "1-0"]
[WhiteElo "1935"]
[BlackElo "1970"]
[PlyCount "109"]
[EventDate "2009.03.??"]
[EventType "team-tourn"]
[EventRounds "9"]
[WhiteTeam "Ebersberg 1"]
[BlackTeam "Waldkraiburg 1"]

1. c4 c5 2. g3 Nc6 3. Bg2 g6 4. Nc3 Bg7 5. Nf3 e5 6. d3 h6 7. Rb1 Nge7 8. a3 a5
9. Bd2 f5 10. e4 O-O 11. b3 d6 12. Nd5 fxe4 13. dxe4 Bg4 14. h3 Bxf3 15. Bxf3
Nd4 16. Bg2 Nxd5 17. exd5 Qf6 18. O-O Nf3+ 19. Qxf3 Qxf3 20. Bxf3 Rxf3 21. Be3
e4 22. Rfd1 g5 23. Kg2 Be5 24. Re1 Bc3 25. Re2 Raf8 26. Rd1 Kg7 27. Rh1 Kg6 28.
h4 a4 29. bxa4 Ra8 30. hxg5 hxg5 31. Rb1 Rxa4 32. Rxb7 Rxc4 33. Rc2 Rf5 34. Rb3
Rxd5 35. Rbxc3 Ra4 36. Rc4 Rxa3 37. Rxe4 Kf5 38. Re8 Ra4 39. Rg8 Kf6 40. Rd2
Rxd2 41. Bxd2 g4 42. Bf4 d5 43. Rd8 d4 44. Rd5 Rc4 45. Bd6 Ke6 46. Rxc5 Ra4 47.
Bf4 d3 48. Re5+ Kf6 49. Rd5 Ra3 50. Rd4 Kf5 51. Be3 Rb3 52. Rf4+ Ke5 53. Rxg4
Ra3 54. Rd4 Kf5 55. Kf3 1-0

[Event "Bayern-chTT (RL Sued-Ost)"]
[Site "Bayern 2008/09"]
[Date "2008.11.30"]
[Round "3.7"]
[White "Hauschild, Rudolf jr(55)"]
[Black "Haslsperger, Martin"]
[Result "0-1"]
[WhiteElo "1812"]
[BlackElo "1876"]
[PlyCount "134"]
[EventDate "2009.03.??"]
[EventType "team-tourn"]
[EventRounds "9"]
[WhiteTeam "Waldkraiburg 1"]
[BlackTeam "Ebersberg 1"]

1. e4 d5 2. exd5 Qxd5 3. Nc3 Qa5 4. d4 c6 5. Bd3 Nf6 6. Nge2 Bg4 7. O-O Nbd7 8.
f4 e6 9. Be3 Bd6 10. a3 O-O 11. b4 Qc7 12. Qd2 Bf5 13. Ng3 Bxd3 14. Qxd3 Nd5
15. Nce2 Nxe3 16. Qxe3 Nf6 17. Ne4 Nxe4 18. Qxe4 a5 19. c3 Ra6 20. c4 axb4 21.
c5 Be7 22. axb4 Rfa8 23. Rab1 b5 24. f5 exf5 25. Qxf5 Bf6 26. d5 cxd5 27. Qxd5
Rd8 28. Qf3 Be5 29. Nf4 Rf6 30. g3 h5 31. Qe4 Rd4 32. Qa8+ Rd8 33. Qe4 Rd4 34.
Qa8+ Kh7 35. Nd5 Rxf1+ 36. Rxf1 Qd7 37. Ne3 Rxb4 38. c6 Qd4 39. Qa3 Rc4 40. Rd1
Qc5 41. Qxc5 Rxc5 42. Rd5 Rxd5 43. Nxd5 Kg6 44. Kf2 Kf5 45. Ke3 Ke6 46. c7 Kd7
47. Ke4 Bxc7 48. Ne3 Kc6 49. Nf5 g6 50. Ne7+ Kc5 51. Nd5 Bd6 52. Nf6 b4 53. Kd3
Kb5 54. Ne4 Be5 55. Nd2 h4 56. Nf3 hxg3 57. hxg3 Bxg3 58. Nd4+ Ka4 59. Kc4 Bd6
60. Nb5 Bf8 61. Nd4 g5 62. Ne2 f5 63. Nd4 Bg7 64. Nxf5 b3 65. Nxg7 b2 66. Nf5
b1=Q 67. Ne3 Qe4+ 0-1

[Event "Bayern-chTT (RL Sued-Ost)"]
[Site "Bayern 2008/09"]
[Date "2008.11.30"]
[Round "3.8"]
[White "Kirsch, Sebastian"]
[Black "Mertz, Waldemar"]
[Result "1/2-1/2"]
[WhiteElo "1827"]
[BlackElo "1872"]
[PlyCount "118"]
[EventDate "2009.03.??"]
[EventType "team-tourn"]
[EventRounds "9"]
[WhiteTeam "Ebersberg 1"]
[BlackTeam "Waldkraiburg 1"]

1. d4 d5 2. Nf3 Nf6 3. c4 c6 4. e3 g6 5. Nc3 Bg7 6. Be2 O-O 7. O-O Nbd7 8. Qb3
e6 9. Rd1 Nb6 10. Ne5 Nxc4 11. Nxc4 dxc4 12. Bxc4 Qc7 13. Bd2 a5 14. a4 Bd7 15.
Rac1 Qd6 16. e4 Qe7 17. Bg5 Qb4 18. e5 Nd5 19. Ne4 h6 20. Bd2 Qe7 21. Qh3 f5
22. exf6 Nxf6 23. Re1 Nd5 24. Nc5 Bxd4 25. Nxd7 Bxf2+ 26. Kh1 Bxe1 27. Rxe1
Qxd7 28. Rxe6 Qf7 29. Be3 Rae8 30. Rxe8 Rxe8 31. Bg1 Kh7 32. Qb3 Re7 33. h3 Qf5
34. Qa3 Rd7 35. Qc5 h5 36. b3 Nf4 37. Qe3 Nd5 38. Qc5 h4 39. Qd4 Qg5 40. Qf2
Re7 41. Qc5 Kh6 42. Bxd5 cxd5 43. Qd4 Kh7 44. Qf2 b6 45. Qf8 Qe5 46. Bxb6 d4
47. Bxd4 Qe1+ 48. Bg1 Qe4 49. Qf2 Rb7 50. Qf6 Rd7 51. Qg5 Rd5 52. Qc1 Qf5 53.
Qe1 Qf6 54. Qe3 Rf5 55. Qa7+ Qf7 56. Qe3 Qd5 57. Qe7+ Kg8 58. Qxh4 Qxb3 59.
Qd8+ Kh7 1/2-1/2

[Event "Bayern-chTT (RL Sued-Ost)"]
[Site "Bayern 2008/09"]
[Date "2008.11.30"]
[Round "3.1"]
[White "Berchtenbreiter, Maximilian"]
[Black "Schaefer, Matthias(79)"]
[Result "1-0"]
[WhiteElo "2147"]
[BlackElo "2274"]
[PlyCount "91"]
[EventDate "2009.03.??"]
[EventType "team-tourn"]
[EventRounds "9"]
[WhiteTeam "Pang/Ro.2"]
[BlackTeam "Starnberg 1"]

1. Nf3 g6 2. d4 Bg7 3. c4 d6 4. Nc3 Bg4 5. e3 Nd7 6. Be2 c5 7. h3 Bxf3 8. Bxf3
Rb8 9. O-O Nh6 10. dxc5 Nxc5 11. e4 O-O 12. Be3 f5 13. Qd2 Nf7 14. exf5 gxf5
15. b4 Nd7 16. Bd5 a5 17. a3 e5 18. f3 Rc8 19. Rac1 axb4 20. axb4 Nb6 21. Nb5
Nxd5 22. Qxd5 Ra8 23. Qxb7 d5 24. Qxd5 Qxd5 25. cxd5 Rab8 26. Na7 Rxb4 27. Bc5
Rd4 28. Nc6 Rd2 29. Rfd1 Ra2 30. Ne7+ Kh8 31. Nxf5 Rb8 32. Rb1 Rc8 33. d6 Bf6
34. Rb7 Nd8 35. Ra7 Rb2 36. Rc7 Ra8 37. Rf1 Ne6 38. Ra7 Rg8 39. Bf2 Nf4 40. Kh1
Rd2 41. Rf7 Bd8 42. Nh6 Rxg2 43. Rxf4 Rgxf2 44. Rxf2 Rd1+ 45. Kh2 exf4 46. Rg2
1-0

[Event "Bayern-chTT (RL Sued-Ost)"]
[Site "Bayern 2008/09"]
[Date "2008.11.30"]
[Round "3.2"]
[White "Terzic, Safet"]
[Black "Graf, Christian(61)"]
[Result "1/2-1/2"]
[WhiteElo "2201"]
[BlackElo "2064"]
[PlyCount "52"]
[EventDate "2009.03.??"]
[EventType "team-tourn"]
[EventRounds "9"]
[WhiteTeam "Starnberg 1"]
[BlackTeam "Pang/Ro.2"]

1. d4 d5 2. c4 c6 3. Nf3 Nf6 4. Nc3 dxc4 5. a4 Na6 6. e3 Bg4 7. Bxc4 e6 8. O-O
Nb4 9. a5 Be7 10. Bd2 O-O 11. Be2 c5 12. Qa4 cxd4 13. Nxd4 Bxe2 14. Ncxe2 Na6
15. b4 Qd7 16. Qxd7 Nxd7 17. b5 Nac5 18. Bb4 a6 19. b6 Rfc8 20. Rfd1 Kf8 21. f3
g6 22. Ra3 Nf6 23. e4 e5 24. Nb3 Nxb3 25. Bxe7+ Kxe7 26. Rxb3 Rc5 1/2-1/2

[Event "Bayern-chTT (RL Sued-Ost)"]
[Site "Bayern 2008/09"]
[Date "2008.11.30"]
[Round "3.3"]
[White "Rosner, Gerhard"]
[Black "Absmaier, Friedrich sr(63)"]
[Result "1/2-1/2"]
[WhiteElo "2043"]
[BlackElo "2125"]
[PlyCount "67"]
[EventDate "2009.03.??"]
[EventType "team-tourn"]
[EventRounds "9"]
[WhiteTeam "Pang/Ro.2"]
[BlackTeam "Starnberg 1"]

1. d4 d5 2. Nf3 Nf6 3. Bf4 Bf5 4. c3 c6 5. Qb3 Qb6 6. Nbd2 Nbd7 7. e3 e6 8. Be2
Be7 9. h3 h6 10. O-O O-O 11. Bh2 Rac8 12. Rac1 Rfe8 13. Rfe1 Ne4 14. Nxe4 Bxe4
15. Nd2 Bg6 16. f4 c5 17. Bb5 Red8 18. Bxd7 Qxb3 19. Nxb3 Rxd7 20. Nxc5 Bxc5
21. dxc5 Rxc5 22. Rcd1 Be4 23. Rd4 b5 24. Red1 Rb7 25. Bg3 a5 26. a3 Rc6 27.
Be1 f6 28. Kf2 e5 29. R4d2 g5 30. fxe5 fxe5 31. Kg1 Rf6 32. Bg3 Rf5 33. Rf1
Rxf1+ 34. Kxf1 1/2-1/2

[Event "Bayern-chTT (RL Sued-Ost)"]
[Site "Bayern 2008/09"]
[Date "2008.11.30"]
[Round "3.5"]
[White "Kranewitter, Norbert"]
[Black "Gschwendtner, Klaus"]
[Result "0-1"]
[WhiteElo "1984"]
[BlackElo "2090"]
[PlyCount "66"]
[EventDate "2009.03.??"]
[EventType "team-tourn"]
[EventRounds "9"]
[WhiteTeam "Pang/Ro.2"]
[BlackTeam "Starnberg 1"]

1. Nf3 d5 2. d4 Nf6 3. c4 e6 4. Bg5 Be7 5. e3 Ne4 6. Bxe7 Qxe7 7. Nc3 Nxc3 8.
bxc3 O-O 9. Bd3 dxc4 10. Bxc4 c5 11. O-O b6 12. Ne5 Bb7 13. Qg4 Bd5 14. Bxd5
exd5 15. Rfd1 f6 16. Nd3 c4 17. Nf4 Rd8 18. Rab1 Na6 19. Re1 Nc7 20. Nh5 Qf7
21. Ng3 g6 22. e4 dxe4 23. Qxe4 Nd5 24. Qf3 Re8 25. Nf1 Kg7 26. Nd2 Rxe1+ 27.
Rxe1 b5 28. Rb1 a6 29. a4 Qd7 30. Ne4 Qf5 31. Qe2 Re8 32. axb5 Nxc3 33. Qxc4
Qxe4 0-1

[Event "Bayern-chTT (RL Sued-Ost)"]
[Site "Bayern 2008/09"]
[Date "2008.11.30"]
[Round "3.6"]
[White "Pappenheim, Rainer Dr"]
[Black "Uhlmann, David"]
[Result "1-0"]
[WhiteElo "1944"]
[BlackElo "1904"]
[PlyCount "89"]
[EventDate "2009.03.??"]
[EventType "team-tourn"]
[EventRounds "9"]
[WhiteTeam "Starnberg 1"]
[BlackTeam "Pang/Ro.2"]

1. e4 d5 2. exd5 Qxd5 3. Nc3 Qa5 4. d4 Nf6 5. Nf3 Bf5 6. Bd3 Bxd3 7. Qxd3 c6 8.
O-O e6 9. Re1 Nbd7 10. Bf4 Be7 11. a3 Nd5 12. Bd2 Nxc3 13. Bxc3 Qh5 14. b4 Qg6
15. Qe2 Bf6 16. a4 O-O 17. Ra3 Nb6 18. Rc1 Rfd8 19. a5 Nd5 20. Bd2 Qg4 21. a6
b6 22. Qc4 Nf4 23. Bxf4 Qxf4 24. Rd1 Rac8 25. Rad3 h6 26. Qb3 c5 27. dxc5 Rxd3
28. cxd3 bxc5 29. b5 Rb8 30. Qc4 Qd6 31. Nd2 Qb6 32. Rb1 Bd4 33. h3 Be5 34. Qc2
Bd4 35. Nc4 Qc7 36. Qa2 Bc3 37. b6 axb6 38. Rxb6 Ra8 39. Rb7 Qc6 40. Nb6 Rd8
41. Qa4 Qxa4 42. Nxa4 Be5 43. a7 c4 44. d4 Bf4 45. g3 1-0

[Event "Bayern-chTT (RL Sued-Ost)"]
[Site "Bayern 2008/09"]
[Date "2008.11.30"]
[Round "3.7"]
[White "Schmid, Dieter(48)"]
[Black "Von Schmaedel, Clemens"]
[Result "0-1"]
[WhiteElo "1837"]
[BlackElo "1905"]
[PlyCount "96"]
[EventDate "2009.03.??"]
[EventType "team-tourn"]
[EventRounds "9"]
[WhiteTeam "Pang/Ro.2"]
[BlackTeam "Starnberg 1"]

1. c4 e5 2. Nc3 Nf6 3. g3 d5 4. cxd5 Nxd5 5. Bg2 Nb6 6. d3 Be7 7. Nf3 Nc6 8.
O-O O-O 9. b3 Be6 10. Be3 Nd5 11. Nxd5 Bxd5 12. Nd2 Bxg2 13. Kxg2 Qd5+ 14. Kg1
f5 15. f4 exf4 16. gxf4 Rae8 17. Bf2 Bd6 18. e3 Qxd3 19. Nc4 Qxd1 20. Rfxd1 Bc5
21. Rd5 b6 22. a3 a5 23. Rad1 Rd8 24. Kg2 Rxd5 25. Rxd5 h6 26. h4 g6 27. Kf3
Rd8 28. Rxd8+ Nxd8 29. a4 Nc6 30. Bg3 Kf7 31. Be1 Ke6 32. e4 fxe4+ 33. Kxe4 Be7
34. Bf2 Bf6 35. Be1 Nd4 36. b4 axb4 37. Bxb4 Nf5 38. h5 Ng3+ 39. Kf3 Nxh5 40.
Bc5 Kd5 41. Bxb6 Kxc4 42. Bxc7 Ng7 43. a5 Kb5 44. Ke4 Bc3 45. Kd5 Bxa5 46. Be5
Nf5 47. Ke6 h5 48. Bf6 h4 0-1

[Event "Bayern-chTT (RL Sued-Ost)"]
[Site "Bayern 2008/09"]
[Date "2008.11.30"]
[Round "3.8"]
[White "Kraft, Dieter Dr(36)"]
[Black "Anker, Christin"]
[Result "1/2-1/2"]
[WhiteElo "1783"]
[BlackElo "1752"]
[PlyCount "51"]
[EventDate "2009.03.??"]
[EventType "team-tourn"]
[EventRounds "9"]
[WhiteTeam "Starnberg 1"]
[BlackTeam "Pang/Ro.2"]

1. e4 e5 2. Nf3 Nc6 3. Bb5 f5 4. d3 Nf6 5. O-O d6 6. Re1 f4 7. c3 Qe7 8. d4 Bd7
9. Nbd2 g6 10. b4 Bh6 11. d5 Nb8 12. Bxd7+ Nbxd7 13. c4 O-O 14. Bb2 Kh8 15. Rc1
Rg8 16. c5 Raf8 17. cxd6 cxd6 18. Rc7 Rb8 19. Qa4 Nb6 20. Rxe7 Nxa4 21. Ba3
Rgc8 22. b5 Ne8 23. Nb3 Bf8 24. Rxe5 dxe5 25. Bxf8 Kg8 26. Bh6 1/2-1/2

[Event "Bayern-chTT (RL Sued-Ost)"]
[Site "Bayern 2008/09"]
[Date "2008.12.14"]
[Round "4.1"]
[White "Graf, Christian(61)"]
[Black "Geller, Arpad"]
[Result "1/2-1/2"]
[WhiteElo "2064"]
[BlackElo "2133"]
[PlyCount "32"]
[EventDate "2009.03.??"]
[EventType "team-tourn"]
[EventRounds "9"]
[WhiteTeam "Pang/Ro.2"]
[BlackTeam "Passau 2"]

1. e4 g6 2. d4 Bg7 3. Nc3 d6 4. Nf3 Nf6 5. Be2 O-O 6. O-O c6 7. e5 dxe5 8. Nxe5
Be6 9. Bf4 Nd5 10. Nxd5 cxd5 11. c3 Qb6 12. Qb3 Nd7 13. Nxd7 Qxb3 14. axb3 Bxd7
15. b4 a6 16. Ra5 Bc6 1/2-1/2

[Event "Bayern-chTT (RL Sued-Ost)"]
[Site "Bayern 2008/09"]
[Date "2008.12.14"]
[Round "4.2"]
[White "Lautner, Josef"]
[Black "Heigermoser, Robert"]
[Result "0-1"]
[WhiteElo "2193"]
[BlackElo "2014"]
[PlyCount "122"]
[EventDate "2009.03.??"]
[EventType "team-tourn"]
[EventRounds "9"]
[WhiteTeam "Passau 2"]
[BlackTeam "Pang/Ro.2"]

1. d4 Nf6 2. c4 e6 3. Nf3 b6 4. e3 Bb7 5. Bd3 d5 6. O-O Be7 7. Qa4+ c6 8. cxd5
exd5 9. Nc3 O-O 10. e4 dxe4 11. Nxe4 c5 12. Qc2 Nxe4 13. Bxe4 Bxe4 14. Qxe4 Nd7
15. Rd1 Bf6 16. Bf4 Re8 17. Qf5 g6 18. Qh3 Qc8 19. Rac1 Nf8 20. Qg3 Qf5 21. Be3
Rad8 22. b3 cxd4 23. Nxd4 Qa5 24. Qf4 Be5 25. Qh4 Qxa2 26. Rf1 Bg7 27. Ra1 Qb2
28. Nc6 Rd7 29. Qa4 Qc2 30. Ra2 Qd3 31. Nxa7 Re4 32. Qa3 Re6 33. Rd2 Qe4 34.
Rxd7 Nxd7 35. Rd1 Nc5 36. Nb5 Qc2 37. Rc1 Qxb3 38. Bxc5 Qxb5 39. Be3 Re8 40.
Qa7 Bb2 41. Rb1 Qd3 42. Rf1 Bd4 43. Bxd4 Qxd4 44. g3 Re2 45. h4 h5 46. Qa8+ Kg7
47. Qf3 Qe5 48. Kg2 Re1 49. Rxe1 Qxe1 50. Qb3 Qe4+ 51. f3 Qd4 52. Kh3 Qc5 53.
g4 hxg4+ 54. fxg4 b5 55. Qf3 b4 56. Qb7 Qc3+ 57. Kg2 b3 58. h5 gxh5 59. gxh5
Qc2+ 60. Kf3 b2 61. Qd5 b1=Q 0-1

[Event "Bayern-chTT (RL Sued-Ost)"]
[Site "Bayern 2008/09"]
[Date "2008.12.14"]
[Round "4.3"]
[White "Richter, Martin Dr(66)"]
[Black "Eizenhammer, Peter"]
[Result "0-1"]
[WhiteElo "2093"]
[BlackElo "2103"]
[PlyCount "42"]
[EventDate "2009.03.??"]
[EventType "team-tourn"]
[EventRounds "9"]
[WhiteTeam "Pang/Ro.2"]
[BlackTeam "Passau 2"]

1. d4 d6 2. c4 Nf6 3. Nc3 g6 4. e4 Bg7 5. f4 O-O 6. Nf3 c5 7. d5 e6 8. dxe6
fxe6 9. Bd3 Nc6 10. O-O Nh5 11. Ng5 h6 12. Nh3 Qh4 13. Bd2 Nd4 14. Be1 Qd8 15.
g4 Nf6 16. g5 hxg5 17. Nxg5 Nh5 18. Qg4 e5 19. f5 Nf4 20. Rxf4 exf4 21. Qxf4
Qxg5+ 0-1

[Event "Bayern-chTT (RL Sued-Ost)"]
[Site "Bayern 2008/09"]
[Date "2008.12.14"]
[Round "4.4"]
[White "Holzer, Richard(72)"]
[Black "Rosner, Gerhard"]
[Result "1/2-1/2"]
[WhiteElo "2176"]
[BlackElo "2043"]
[PlyCount "74"]
[EventDate "2009.03.??"]
[EventType "team-tourn"]
[EventRounds "9"]
[WhiteTeam "Passau 2"]
[BlackTeam "Pang/Ro.2"]

1. e4 d5 2. exd5 Qxd5 3. Nc3 Qa5 4. Bc4 Nf6 5. h3 c6 6. Nf3 Bf5 7. O-O e6 8. d3
Be7 9. Qe2 O-O 10. Nd4 Re8 11. Bd2 Qc5 12. Be3 Qa5 13. Nxf5 Qxf5 14. d4 Nbd7
15. Rad1 Nd5 16. Nxd5 exd5 17. Bd3 Qe6 18. Rfe1 Nf6 19. c3 Bd6 20. Qc2 g6 21.
Bd2 Qd7 22. Bg5 Nh5 23. Be2 Nf4 24. Bf3 Bc7 25. Kf1 h6 26. Bf6 Qd6 27. Be5 Qd7
28. Qd2 Bxe5 29. dxe5 g5 30. Bg4 Qe7 31. g3 Ne6 32. Kg2 f6 33. Qe3 Ng7 34. exf6
Qxf6 35. Qc5 b6 36. Qa3 h5 37. Be2 Rf8 1/2-1/2

[Event "Bayern-chTT (RL Sued-Ost)"]
[Site "Bayern 2008/09"]
[Date "2008.12.14"]
[Round "4.5"]
[White "Kiener, Georg"]
[Black "Lang, Josef jr(73)"]
[Result "1-0"]
[WhiteElo "2032"]
[BlackElo "2032"]
[PlyCount "156"]
[EventDate "2009.03.??"]
[EventType "team-tourn"]
[EventRounds "9"]
[WhiteTeam "Pang/Ro.2"]
[BlackTeam "Passau 2"]

1. e4 d5 2. exd5 Nf6 3. d4 Nxd5 4. c4 Nb6 5. Be3 g6 6. h3 Bg7 7. Nc3 c6 8. Nf3
Be6 9. b3 f6 10. Bd3 Bf7 11. O-O O-O 12. Re1 Qc7 13. Rc1 Re8 14. Qd2 N8d7 15.
Bf4 Qd8 16. Ne4 Nf8 17. Rcd1 Ne6 18. Be3 Qc7 19. Bb1 Rad8 20. Qc1 a5 21. a4 Nd7
22. Bd3 b6 23. Bf1 Ndf8 24. g3 g5 25. Bg2 Ng6 26. Nc3 Nef8 27. d5 c5 28. Nd2
Qb8 29. Ndb1 h6 30. Be4 Qc8 31. Kh2 f5 32. Bg2 Qb8 33. Ne2 Nh4 34. Bh1 Bh5 35.
Nd2 Be5 36. Kg1 Nhg6 37. Bf3 f4 38. Bxh5 fxe3 39. Nf1 exf2+ 40. Kxf2 Qd6 41.
Kg2 Nh7 42. Bg4 Nf6 43. Be6+ Kg7 44. Ne3 Qc7 45. Nf5+ Kh7 46. Qc2 Rf8 47. Nc3
Bxc3 48. Qxc3 Nh5 49. Rf1 Rf6 50. Rde1 Rdf8 51. Kg1 Ng7 52. Nxg7 Kxg7 53. Bg4
Kh7 54. Rxf6 Rxf6 55. Qe3 Qd6 56. Kg2 Kg7 57. Bh5 Rf7 58. Qe4 Qf6 59. Qxg6+
Qxg6 60. Bxg6 Kxg6 61. Re6+ Rf6 62. Rxe7 h5 63. Rc7 Kf5 64. Rc6 Rf8 65. Rxb6
Ke5 66. Rb5 Kd4 67. Rxa5 Re8 68. d6 Rd8 69. Ra6 Kd3 70. Rc6 Kc3 71. Rxc5 Rxd6
72. Rxg5 Kxb3 73. Rxh5 Kxa4 74. c5 Rd3 75. h4 Kb5 76. Rf5 Rd2+ 77. Kh3 Rd3 78.
h5 Rd1 1-0

[Event "Bayern-chTT (RL Sued-Ost)"]
[Site "Bayern 2008/09"]
[Date "2008.12.14"]
[Round "4.6"]
[White "Ipfelkofer, Frank"]
[Black "Kranewitter, Norbert"]
[Result "1-0"]
[WhiteElo "2101"]
[BlackElo "1984"]
[PlyCount "83"]
[EventDate "2009.03.??"]
[EventType "team-tourn"]
[EventRounds "9"]
[WhiteTeam "Passau 2"]
[BlackTeam "Pang/Ro.2"]

1. e4 c6 2. d4 d5 3. exd5 cxd5 4. c4 Nf6 5. Nc3 Nc6 6. Nf3 Bg4 7. cxd5 Nxd5 8.
Bb5 Rc8 9. h3 Bxf3 10. Qxf3 e6 11. O-O Be7 12. Re1 O-O 13. Nxd5 exd5 14. Bxc6
Rxc6 15. Re5 Rd6 16. Bf4 Rd7 17. Re2 Qb6 18. Qg4 Rfd8 19. Rae1 Bb4 20. Bg5 f5
21. Bxd8 Bxe1 22. Bxb6 fxg4 23. Bxa7 Ba5 24. hxg4 Bc7 25. Bc5 Kf7 26. g3 Bd8
27. f4 b6 28. Bb4 Bf6 29. Bc3 h6 30. Kf2 Rc7 31. Ke3 Ke7 32. Kd3+ Kd6 33. f5
Kc6 34. Re6+ Kb5 35. Rd6 Re7 36. b3 Bg5 37. Rxd5+ Kc6 38. Re5 Rd7 39. Re6+ Kc7
40. Ke4 Bf6 41. d5 Bxc3 42. Rc6+ 1-0

[Event "Bayern-chTT (RL Sued-Ost)"]
[Site "Bayern 2008/09"]
[Date "2008.12.14"]
[Round "4.7"]
[White "Uhlmann, David"]
[Black "Heyne, Gerhard"]
[Result "1-0"]
[WhiteElo "1904"]
[BlackElo "1955"]
[PlyCount "115"]
[EventDate "2009.03.??"]
[EventType "team-tourn"]
[EventRounds "9"]
[WhiteTeam "Pang/Ro.2"]
[BlackTeam "Passau 2"]

1. d4 d5 2. c4 e6 3. Nc3 c5 4. Nf3 Nc6 5. e3 Nf6 6. a3 dxc4 7. Bxc4 cxd4 8.
exd4 Be7 9. O-O a6 10. b4 b5 11. Bb3 Bb7 12. Bb2 a5 13. d5 exd5 14. Nxb5 Ba6
15. a4 Nxb4 16. Bxf6 Bxf6 17. Re1+ Kf8 18. Rc1 Bb7 19. Rc7 Rb8 20. Ne5 Bxe5 21.
Rxe5 Qf6 22. Ree7 Qxe7 23. Rxe7 Kxe7 24. Qe2+ Kf8 25. Qe5 Re8 26. Qd6+ Kg8 27.
h4 h5 28. Qb6 Bc6 29. Qxa5 Nd3 30. Qc3 Bxb5 31. axb5 Nf4 32. Qc6 Re1+ 33. Kh2
Rh6 34. Qc8+ Kh7 35. Qf5+ Ng6 36. b6 Re5 37. Qc2 Re4 38. b7 Rxh4+ 39. Kg1 Rb4
40. Bxd5 h4 41. Qc7 Nf4 42. Be4+ Rxe4 43. b8=Q h3 44. Qb1 Ne2+ 45. Kh2 hxg2+
46. Kxg2 f5 47. f3 Nf4+ 48. Kg1 Nh3+ 49. Kf1 Rg6 50. Qh2 Rh4 51. Qxf5 Kh6 52.
Qb8 Ng5 53. Qh8+ Nh7 54. Kf2 Rh2+ 55. Ke3 Rh4 56. Qf7 Rh3 57. Qfg8 Kg5 58.
Qhxg7 1-0

[Event "Bayern-chTT (RL Sued-Ost)"]
[Site "Bayern 2008/09"]
[Date "2008.12.14"]
[Round "4.8"]
[White "Bittner, Rudolf"]
[Black "Zwanowetz, Thomas"]
[Result "1-0"]
[WhiteElo "1976"]
[BlackElo "1707"]
[PlyCount "93"]
[EventDate "2009.03.??"]
[EventType "team-tourn"]
[EventRounds "9"]
[WhiteTeam "Passau 2"]
[BlackTeam "Pang/Ro.2"]

1. e4 e6 2. d4 d5 3. exd5 exd5 4. Bd3 Nf6 5. Bg5 Be7 6. Nf3 O-O 7. O-O Bg4 8.
Nbd2 Nbd7 9. c3 c6 10. Qc2 Kh8 11. Rfe1 Re8 12. Re3 h6 13. Bh4 Bd6 14. Rxe8+
Qxe8 15. Re1 Qf8 16. h3 Be6 17. Nf1 Re8 18. Bg3 Nb6 19. Be5 Nfd7 20. Bxd6 Qxd6
21. Ng3 Nf6 22. Qd2 a5 23. Ne5 Qc7 24. Qf4 Qc8 25. Nf5 Bxf5 26. Bxf5 Qb8 27.
Nxf7+ Kg8 28. Qxb8 Rxb8 29. Ne5 Re8 30. Kf1 Nc8 31. f3 Nd6 32. Bg6 Re7 33. Kf2
Nh7 34. Bd3 Ng5 35. h4 Ne6 36. g4 Re8 37. Bg6 Re7 38. Bc2 Re8 39. Nd3 Kf7 40.
a3 Nc4 41. Bb3 Nd2 42. Ba2 a4 43. Re2 Nb3 44. Bxb3 axb3 45. Nc1 c5 46. Nxb3
cxd4 47. Nxd4 1-0

[Event "Bayern-chTT (RL Sued-Ost)"]
[Site "Bayern 2008/09"]
[Date "2008.12.14"]
[Round "4.1"]
[White "Schaefer, Matthias(79)"]
[Black "Poetsch, Klaus"]
[Result "1-0"]
[WhiteElo "2274"]
[BlackElo "2140"]
[PlyCount "59"]
[EventDate "2009.03.??"]
[EventType "team-tourn"]
[EventRounds "9"]
[WhiteTeam "Starnberg 1"]
[BlackTeam "Waldkraiburg 1"]

1. e4 e6 2. d4 d5 3. e5 c5 4. c3 Ne7 5. Nf3 Nec6 6. Be2 cxd4 7. cxd4 Bb4+ 8.
Nc3 Nd7 9. O-O f6 10. Bd3 O-O 11. Qc2 h6 12. Nh4 f5 13. Ng6 Nxd4 14. Qa4 Nc6
15. Nxf8 Nc5 16. Nxe6 Bxe6 17. Qc2 d4 18. Ne2 Nxd3 19. Qxd3 Bc5 20. Nf4 Qe7 21.
Qg3 Nxe5 22. Nh5 Ng4 23. h3 Bc4 24. hxg4 Qe2 25. Bxh6 Bf8 26. Rfe1 Qxb2 27.
Rab1 Qxa2 28. gxf5 Qa6 29. Bxg7 Kf7 30. Bxf8 1-0

[Event "Bayern-chTT (RL Sued-Ost)"]
[Site "Bayern 2008/09"]
[Date "2008.12.14"]
[Round "4.2"]
[White "Jergler, Karl-Heinz"]
[Black "Terzic, Safet"]
[Result "1/2-1/2"]
[WhiteElo "2116"]
[BlackElo "2201"]
[PlyCount "28"]
[EventDate "2009.03.??"]
[EventType "team-tourn"]
[EventRounds "9"]
[WhiteTeam "Waldkraiburg 1"]
[BlackTeam "Starnberg 1"]

1. e4 g6 2. d4 Bg7 3. Nc3 d6 4. Be3 a6 5. Qd2 b5 6. Bd3 Nd7 7. a4 b4 8. Nce2
Rb8 9. Nf3 c5 10. O-O Bb7 11. Ng3 cxd4 12. Nxd4 Ngf6 13. Bh6 O-O 14. Bxg7 Kxg7
1/2-1/2